Word Ladder: Road Junction Quiz Stats

 Plays Quiz Updated Dec 23, 2012

     
Support Sporcle.
Go Orange.
Score 0/13 Timer 02:00
3 Plays Today
Clue Word % Correct
Precedes 'Everest' and 'Rushmore'MOUNT
97.9%
Circular◉ ROUND ◉
95.1%
Where lawyers present their caseCOURT
95%
Determine the total numberCOUNT
92.7%
A small hillMOUND
92.1%
San Antonio's NBA teamSPURS
80.5%
Becomes less sweet, like with lemonSOURS
79.5%
en ___: French for 'in progress'COURS
75.7%
Physical activitySPORT
71.5%
A sudden gushing streamSPURT
70.5%
Approximately, nearly◉ ABOUT ◉
65.3%
Terminate an operationABORT
64.8%
Towards the left side of the shipAPORT
61.9%

Today's Daily Dose

From the Vault

Tennis Players by First Names

by Noldeh

Sports 5m
These players are always making such a racquet.
Remove Ads.
Support Sporcle.
Get the best of Sporcle when you Go Orange. This ad-free experience offers more features, more stats, and more fun while also helping to support Sporcle. Thank you for becoming a member.

Show Comments

Extras

Top Quizzes Today


Score Distribution

Your Account Isn't Verified!

In order to create a playlist on Sporcle, you need to verify the email address you used during registration. Go to your Sporcle Settings to finish the process.

Report this User

Report this user for behavior that violates our Community Guidelines.

Details: